Governance in the European Union (Record no. 159755)
[ view plain ]
| 000 -LEADER | |
|---|---|
| fixed length control field | 01565nam a2200385Ia 4500 |
| 245 00 - TITLE STATEMENT | |
| Title | Governance in the European Union |
| 260 ## - PUBLICATION, DISTRIBUTION, ETC. (IMPRINT) | |
| Place of publication | London ; |
| -- | Thousand Oaks, CA : |
| Name of publisher | SAGE, |
| Year of publication | 1996. |
| 300 ## - PHYSICAL DESCRIPTION | |
| Number of Pages | x, 182 p. : |
| Other physical details | ill. |
| 650 #0 - SUBJECT ADDED ENTRY--TOPICAL TERM | |
| Topical Term | Regional planning |
| 700 1# - ADDED ENTRY--PERSONAL NAME | |
| Personal name | Marks, Gary, |
| Personal name | Scharpf, Fritz Wilhelm. |
| Personal name | Schmitter, Philippe C. |
| Personal name | Streeck, Wolfgang, |
| 856 40 - ELECTRONIC LOCATION AND ACCESS | |
| Uniform Resource Identifier | http://site.ebrary.com/lib/rucke/Doc?id=10326953 |
No items available.
